| 000 | 00433nam a22001697a 4500 | ||
|---|---|---|---|
| 005 | 20250222082843.0 | ||
| 008 | 250222b |||||||| |||| 00| 0 eng d | ||
| 020 | _a9788180540790 | ||
| 050 |
_aHF5635 _bGUP |
||
| 100 | _aGupta, R. I. | ||
| 245 | _aAdvanced financial accounting | ||
| 250 | _a2nd | ||
| 260 |
_aNew Delhi _bSultan Chand and sons _cc2004 |
||
| 300 | _axxii, AM-V.32 | ||
| 700 | _aRadhaswamy, M. | ||
| 942 |
_2lcc _cBK _n0 |
||
| 999 |
_c4119 _d4119 |
||